Here erred Einstein (Record no. 14134)

MARC details
000 -LEADER
fixed length control field 00531nam a2200193Ia 4500
003 - CONTROL NUMBER IDENTIFIER
control field IN-BaIIA
008 - FIXED-LENGTH DATA ELEMENTS--GENERAL INFORMATION
fixed length control field 211028s9999 xx 000 0 eng d
020 ## - INTERNATIONAL STANDARD BOOK NUMBER
International Standard Book Number 981-02-4243-3
040 ## - CATALOGING SOURCE
Transcribing agency IIA Library
080 ## - UNIVERSAL DECIMAL CLASSIFICATION NUMBER
Universal Decimal Classification number 524.834
Item number SAL
100 ## - MAIN ENTRY--PERSONAL NAME
Personal name Sallhofer, H
9 (RLIN) 24884
245 #0 - TITLE STATEMENT
Title Here erred Einstein
Statement of responsibility, etc. H. Sallhofer and D. Radharose
260 ## - PUBLICATION, DISTRIBUTION, ETC.
Place of publication, distribution, etc. Singapore
Name of publisher, distributor, etc. World Scientific
Date of publication, distribution, etc. 2001
300 ## - PHYSICAL DESCRIPTION
Extent x, 202p.
650 ## - SUBJECT ADDED ENTRY--TOPICAL TERM
Topical term or geographic name entry element Particle physics
9 (RLIN) 1847
650 ## - SUBJECT ADDED ENTRY--TOPICAL TERM
Topical term or geographic name entry element Theory of relativity
9 (RLIN) 7610
700 ## - ADDED ENTRY--PERSONAL NAME
Personal name Radharose, D
9 (RLIN) 24885
942 ## - ADDED ENTRY ELEMENTS (KOHA)
Koha item type Books
Holdings
Withdrawn status Lost status Damaged status Not for loan Home library Current library Shelving location Date acquired Cost, normal purchase price Total Checkouts Full call number Barcode Date last seen Cost, replacement price Price effective from Koha item type Purchase Price
        IIA Library-Bangalore IIA Library-Bangalore General Stacks 20/06/2001 1089.00   524.834/ SAL 15054 05/11/2021 1089.00 20/06/2001 Books Rs. 1089.00

Powered by Koha